00609nam a2200169 i 450000100060000000300090000600500170001500700030003200800410003510000320007624500830010826000380019130000510022985200220028099900170030295201200031961767ES-MaACL20230906164533.0t|031113s1923 xxk ||||1| eng d1 aFarr, Robert Emmett.94888010aPractical local anesthesia and its surgical technic / cby Robert Emmett Farr. aLondon : bHenry Kimpton, c1923. aXVIII, 16-529 p., 16 lám. : bil. ; c26 cm. aES-MaACLjB-10834 c61767d61767 00104070aATENEOMbATENEOMcSPBd2008-01-17eSCl0oB-10834p1064764r2023-02-23 00:00:00w2023-02-23yMONOGRAFIA